Acercamiento al estudio de las urbanizaciones cerradas en Costa Rica: notas metodológicas = Approach to the study of gated communities in Costa Rica: Methodological notes /
Gespeichert in:
| 1. Verfasser: | |
|---|---|
| Weitere Verfasser: | |
| Format: | Text |
| Tags: |
Tag hinzufügen
Keine Tags, Fügen Sie den ersten Tag hinzu!
|
MARC
| LEADER | 00000 a a2200000 04500 | ||
|---|---|---|---|
| 001 | 47935 | ||
| 003 | |||
| 040 | |||
| 100 | |a Alvarado Alcázar, Alejandro | ||
| 245 | |a Acercamiento al estudio de las urbanizaciones cerradas en Costa Rica: notas metodológicas = |b Approach to the study of gated communities in Costa Rica: Methodological notes / |c Alejandro Alvarado Alcázar, Gustavo Jiménez Barboza | ||
| 700 | |a Jiménez Barboza, Gustavo | ||
| 773 | |g número145, (2014), páginas 99-108 | ||
| 999 | |c 31194 |d 31194 | ||
| 773 | 0 | |0 18728 |9 3012 |a Universidad de Costa Rica |d San José, Costa Rica Editorial UCR 1956- |o 17142 |t Revista de Ciencias Sociales/ |x 04825276 | |
